Wszystkie gole reprezentacji Polski - eliminacje Euro 2021 - Statystyki

Ogólne statystyki
  • Ten quiz został rozwiązany 26 razy
  • Średni wynik to 16 z 18
Statystyki odpowiedzi
Odpowiedź % Poprawnych
Krzysztof Piątek
100%
Krzysztof Piatek
100%
Krzysztof Piatek
100%
Krzysztof Piątek
100%
Robert Lewandowski
100%
Robert Lewandowski
100%
Robert Lewandowski
100%
Robert Lewandowski
100%
Robert Lewandowski
100%
Robert Lewandowski
100%
Arkadiusz Milik
96%
Kamil Grosicki
91%
Grzegorz Krychowiak
83%
Kamil Glik
78%
Sebastian Szymański
78%
Jacek Góralski
74%
Przemysław Frankowski
65%
Damian Kądzior
61%
Nie znaleziono quizów pasujących do podanych kryteriów
Rozkład punktacji
Procent ludzi z każdym wynikiem
Percentyl według liczby udzielonych odpowiedzi
Twoja historia wyników
Nie rozwiązałeś tego quizu